Loading...
| Fine Arts - Other | 0 | 9 | 0 | 1 | 90 | 47 | 93.44 | 3 | 4 | 0.00 | 0.00 |
| Fine Arts - Painting & Sculpture | 0 | 8 | 2 | 1 | 70 | 60 | 91.13 | 3 | 4 | 0.00 | 0.00 |
| Literature - European | 0 | 5 | 1 | 0 | 45 | 92 | 120.00 | 0 | 1 | 0.00 | 0.00 |
| Philosophy | 0 | 5 | 1 | 0 | 45 | 99 | 123.60 | 0 | 0 | 0.00 | 0.00 |
| Social Science | 0 | 4 | 1 | 2 | 35 | 88 | 108.75 | 0 | 0 | 0.00 | 0.00 |
| Literature - American | 0 | 4 | 1 | 2 | 35 | 55 | 127.50 | 1 | 1 | 0.00 | 0.00 |
| Geography | 0 | 2 | 0 | 1 | 20 | 128 | 132.50 | 0 | 0 | 0.00 | 0.00 |
| Science - Biology | 0 | 3 | 2 | 1 | 20 | 41 | 106.33 | 1 | 1 | 0.00 | 0.00 |
| History - American | 0 | 2 | 0 | 1 | 20 | 120 | 126.00 | 0 | 0 | 0.00 | 0.00 |
| Literature - World | 0 | 2 | 1 | 0 | 15 | 115 | 121.50 | 0 | 0 | 0.00 | 0.00 |
| History - World | 0 | 1 | 0 | 0 | 10 | 126 | 126.00 | 0 | 0 | 0.00 | 0.00 |
| Other Academic | 0 | 1 | 0 | 0 | 10 | 71 | 71.00 | 0 | 1 | 0.00 | 0.00 |
| Science - Other | 0 | 1 | 0 | 1 | 10 | 131 | 131.00 | 0 | 0 | 0.00 | 0.00 |
| Current Events | 0 | 1 | 0 | 0 | 10 | 100 | 100.00 | 0 | 0 | 0.00 | 0.00 |
| History - Other | 0 | 1 | 1 | 0 | 5 | 47 | 47.00 | 1 | 1 | 0.00 | 0.00 |
| Literature - British | 0 | 1 | 1 | 0 | 5 | 133 | 133.00 | 0 | 0 | 0.00 | 0.00 |
| Mythology | 0 | 1 | 1 | 0 | 5 | 118 | 118.00 | 0 | 0 | 0.00 | 0.00 |
| Science - Chemistry | 0 | 0 | 0 | 0 | 0 | 0.00 | 0 | 0 | 0.00 | 0.00 | |
| Religion | 0 | 1 | 2 | 0 | 0 | 91 | 91.00 | 0 | 0 | 0.00 | 0.00 |
| History - European | 0 | 0 | 2 | 0 | -10 | 0.00 | 0 | 0 | 0.00 | 0.00 |